[Event "XXVII Festival Conca della Presolana B"]
[Site "Bratto - Castione della Presolana ITA"]
[Date "2007.08.28"]
[Round "5"]
[White "Orsatti, Marcello"]
[Black "Boccalatte, Piero"]
[Result "1/2-1/2"]
[WhiteElo "1857"]
[BlackElo "1975"]
[PlyCount "143"]
[EventDate "2007.08.24"]

1. c4 e6 2. Nc3 d5 3. cxd5 exd5 4. d3 c6 5. g3 Nf6 6. Bg2 Nbd7 7. Nf3 Bd6 8.
O-O O-O 9. a3 a5 10. Bg5 h6 11. Bxf6 Nxf6 12. Rc1 Re8 13. Re1 Bd7 14. Na4 b6
15. Nc3 c5 16. Nd2 Bc6 17. Nc4 Bc7 18. Nd2 Qd7 19. Qc2 Re7 20. e4 dxe4 21. dxe4
Rae8 22. Rcd1 Qe6 23. Qb1 Be5 24. Qc2 Qc8 25. f3 Bd4+ 26. Kh1 Qc7 27. Nb3 Bxc3
28. Qxc3 Rd8 29. Nc1 Red7 30. Qc2 Bb5 31. Bf1 Bxf1 32. Rxf1 c4 33. Ne2 b5 34.
Rfe1 Qc6 35. Kg2 b4 36. axb4 axb4 37. Rxd7 Rxd7 38. Rd1 Rxd1 39. Qxd1 Qd7 40.
Qd4 Qxd4 41. Nxd4 Nd7 42. Kf2 Nc5 43. Ke3 b3 44. Nb5 Na4 45. Kd4 Nxb2 46. Kc3
Nd1+ 47. Kxc4 b2 48. Na3 g5 49. Kb3 Ne3 50. Kxb2 Nf1 51. Kc3 Nxh2 52. Kd3 Nxf3
53. Nc4 f6 54. Ke3 Nh2 55. Nd6 h5 56. Nf5 Kf7 57. Kd4 Nf3+ 58. Ke3 Ne5 59. Kd4
Nc6+ 60. Ke3 Kg6 61. Kf3 Ne5+ 62. Ke3 Ng4+ 63. Kf3 Nh6 64. Ne7+ Kf7 65. Nd5 Ke6
66. Nc7+ Ke5 67. Ne8 h4 68. gxh4 gxh4 69. Ng7 h3 70. Kg3 Kxe4 71. Kxh3 Kf3 72.
Nh5 1/2-1/2

[Event "XXVII Festival Conca della Presolana B"]
[Site "Bratto - Castione della Presolana ITA"]
[Date "2007.08.28"]
[Round "5"]
[White "Oteri, Aldo"]
[Black "Gozzini, Giambattista"]
[Result "1-0"]
[WhiteElo "1957"]
[BlackElo "1881"]
[PlyCount "59"]
[EventDate "2007.08.24"]

1. e4 c6 2. d4 d5 3. exd5 cxd5 4. c4 Nf6 5. Nc3 e6 6. Nf3 Nc6 7. cxd5 Nxd5 8.
Bc4 Nb6 9. Bb3 Be7 10. O-O O-O 11. Be3 Nd5 12. Nxd5 exd5 13. Rc1 Be6 14. a3 Na5
15. Bc2 Nc4 16. Qd3 g6 17. Bh6 Re8 18. Ba4 Nxb2 19. Qb3 Nxa4 20. Qxa4 Qd6 21.
Rc3 Bd7 22. Qb3 Bc6 23. Ne5 g5 24. Rh3 f6 25. Nxc6 Qxc6 26. Qd3 Qc4 27. Qf5
Qxd4 28. Qe6+ Kh8 29. Qf7 Bf8 30. Bxf8 1-0

[Event "XXVII Festival Conca della Presolana B"]
[Site "Bratto - Castione della Presolana ITA"]
[Date "2007.08.28"]
[Round "5"]
[White "Pedemonte, Claudio"]
[Black "Gazzetta, Marco"]
[Result "1-0"]
[WhiteElo "1915"]
[BlackElo "1769"]
[PlyCount "81"]
[EventDate "2007.08.24"]

1. c4 g6 2. g3 Bg7 3. Bg2 d6 4. Nc3 c6 5. e4 Nh6 6. Nge2 O-O 7. O-O f5 8. f4
Qb6+ 9. d4 fxe4 10. Nxe4 Nd7 11. h3 Nf5 12. Rb1 Nxd4 13. Be3 Nxe2+ 14. Qxe2 Bd4
15. Bxd4 Qxd4+ 16. Kh2 Qg7 17. Ng5 Nc5 18. b4 Na4 19. Qc2 Nb6 20. Rbe1 Bf5 21.
Qe2 Rae8 22. b5 Bd7 23. bxc6 bxc6 24. a4 h6 25. Ne4 Nxa4 26. Qa2 c5 27. Rb1 Rb8
28. Qd2 Nb6 29. Qa2 Na4 30. Qd2 Qd4 31. Qa5 Rxb1 32. Rxb1 Bf5 33. Re1 Qxc4 34.
Qxa7 Qb4 35. Qxe7 Nc3 36. Nf6+ Rxf6 37. Qxf6 Ne4 38. Qd8+ Kf7 39. Ra1 Qd2 40.
Ra7+ Ke6 41. Qg8+ 1-0

[Event "XXVII Festival Conca della Presolana B"]
[Site "Bratto - Castione della Presolana ITA"]
[Date "2007.08.28"]
[Round "5"]
[White "Pennati, Roberto"]
[Black "Antolini, Aldo"]
[Result "1-0"]
[WhiteElo "1777"]
[BlackElo "1642"]
[PlyCount "61"]
[EventDate "2007.08.24"]

1. c4 e5 2. g3 f5 3. Bg2 Nf6 4. Nc3 Be7 5. Nf3 e4 6. Nd4 d6 7. d3 exd3 8. exd3
O-O 9. O-O Bd7 10. Bxb7 c5 11. Nxf5 Bxf5 12. Bxa8 Nbd7 13. Bg2 Kh8 14. Bg5 Ne5
15. Bxf6 Bxf6 16. Ne4 Be7 17. f4 Ng4 18. Qd2 h5 19. h3 Nh6 20. Rae1 Qd7 21. Kh2
Bg6 22. Qe2 Nf5 23. Nc3 Re8 24. Qe6 Qxe6 25. Rxe6 Bf7 26. Ree1 Bf6 27. Bd5 Rxe1
28. Rxe1 Bg6 29. Be4 Nd4 30. Kg2 Bf7 31. Nd5 $139 1-0

[Event "XXVII Festival Conca della Presolana B"]
[Site "Bratto - Castione della Presolana ITA"]
[Date "2007.08.28"]
[Round "5"]
[White "Primerano, Carlo"]
[Black "Saccani, Ettore"]
[Result "1-0"]
[WhiteElo "1740"]
[BlackElo "1888"]
[PlyCount "99"]
[EventDate "2007.08.24"]

1. d4 Nf6 2. c4 g6 3. Nc3 Bg7 4. e4 d6 5. f3 O-O 6. Be3 e5 7. d5 a5 8. Qd2 Na6
9. g4 Bd7 10. h4 h5 11. gxh5 Nxh5 12. Nge2 b5 13. cxb5 Nc5 14. Bxc5 dxc5 15.
O-O-O a4 16. Bh3 Kh7 17. Kb1 Bxh3 18. Rxh3 Qd7 19. Rh2 Qd6 20. Qc2 a3 21. b3 c4
22. bxc4 Nf4 23. Ng3 Rfb8 24. h5 Kg8 25. hxg6 fxg6 26. Nf1 Qc5 27. Ng3 Qxc4 28.
Qb3 Ra4 29. Qxc4 Rxc4 30. Rc2 Ng2 31. Rxg2 Rxc3 32. Rdg1 Rxb5+ 33. Ka1 Rbc5 34.
Kb1 Bh6 35. Ne2 Rxf3 36. Rxg6+ Kh7 37. Re6 Bg7 38. Re7 Rf2 39. Rexg7+ Kh8 40.
R7g3 Rh2 41. R3g2 Rb5+ 42. Ka1 Rh3 43. Rg8+ Kh7 44. R8g7+ Kh6 45. Rxc7 Rh2 46.
Rc6+ Kh7 47. Nc3 Rbb2 48. Rb1 Rbg2 49. Rb7+ Rg7 50. Rxg7+ 1-0

[Event "XXVII Festival Conca della Presolana B"]
[Site "Bratto - Castione della Presolana ITA"]
[Date "2007.08.28"]
[Round "5"]
[White "Romano, Zeno"]
[Black "Fiorili, Roberto"]
[Result "1-0"]
[WhiteElo "1866"]
[BlackElo "1946"]
[PlyCount "75"]
[EventDate "2007.08.24"]

1. e4 c5 2. Nf3 d6 3. d4 cxd4 4. Nxd4 Nf6 5. Nc3 a6 6. Be2 Qc7 7. Be3 e6 8. f4
Be7 9. Bf3 Nbd7 10. O-O Nb6 11. Bf2 Bd7 12. Re1 O-O 13. e5 dxe5 14. fxe5 Ne8
15. Ne4 Nd5 16. c3 Kh8 17. Qd2 Rg8 18. Ng5 Bxg5 19. Qxg5 f6 20. Qd2 fxe5 21.
Bg3 Qb6 22. Rxe5 Nef6 23. Bf2 Qd6 24. Rae1 Ne7 25. Bxb7 Ng6 26. Bxa8 Nxe5 27.
Bg3 Rxa8 28. Bxe5 Qd5 29. Bxf6 gxf6 30. Qh6 Rg8 31. Qxf6+ Rg7 32. Nf3 Bc6 33.
Rxe6 Qd1+ 34. Re1 Qd5 35. Qe5 Qxa2 36. Ng5 Qg8 37. Rf1 Be8 38. Ne6 1-0

[Event "XXVII Festival Conca della Presolana B"]
[Site "Bratto - Castione della Presolana ITA"]
[Date "2007.08.28"]
[Round "5"]
[White "Rombaldoni, Brian"]
[Black "Melone, Antonio"]
[Result "1-0"]
[WhiteElo "1812"]
[BlackElo "1704"]
[PlyCount "101"]
[EventDate "2007.08.24"]

1. d4 Nf6 2. Nf3 c5 3. c3 e6 4. Bf4 Be7 5. e3 O-O 6. Be2 d5 7. O-O Nbd7 8. h3
b6 9. Nbd2 Bb7 10. Ne5 Rc8 11. Ndf3 Ne4 12. Qa4 Nxe5 13. Nxe5 f6 14. Nf3 a6 15.
Qc2 Bd6 16. Bxd6 Qxd6 17. Rad1 Qc7 18. c4 Rfe8 19. cxd5 exd5 20. dxc5 bxc5 21.
b3 Rcd8 22. Rc1 Qb6 23. Bd3 Rc8 24. Rfd1 Kh8 25. Be2 d4 26. exd4 cxd4 27. Bc4
Rcd8 28. Qb2 Nc3 29. Rxd4 Rxd4 30. Nxd4 Qxd4 31. Qxc3 Qe4 32. f3 Qc6 33. Qd2
Qb6+ 34. Qf2 Qa5 35. a4 Qg5 36. Re1 Rd8 37. Qe3 Qxe3+ 38. Rxe3 h6 39. Re7 Rb8
40. Re6 a5 41. Rb6 Kh7 42. Bd3+ g6 43. Be4 Bxe4 44. Rxb8 Bc2 45. b4 axb4 46.
Rxb4 Kg7 47. a5 Bd3 48. Rb6 Bc4 49. a6 Bd5 50. a7 Kf7 51. Rb8 1-0

[Event "XXVII Festival Conca della Presolana B"]
[Site "Bratto - Castione della Presolana ITA"]
[Date "2007.08.28"]
[Round "5"]
[White "Rozzoni, Davide"]
[Black "Barrera, Pietro"]
[Result "0-1"]
[WhiteElo "1786"]
[BlackElo "1905"]
[PlyCount "88"]
[EventDate "2007.08.24"]

1. b3 e6 2. Bb2 d5 3. e3 Nf6 4. g3 Bd6 5. d3 O-O 6. Bg2 e5 7. Nd2 c5 8. Ne2 Nc6
9. h3 Be6 10. O-O Qd7 11. Kh2 Ne8 12. f4 f6 13. f5 Bxf5 14. Bxd5+ Be6 15. Bxe6+
Qxe6 16. e4 Nc7 17. g4 Qd7 18. Nc4 Ne6 19. Nc3 Rfd8 20. Ne3 Ne7 21. Ncd5 Nxd5
22. Nxd5 Nf4 23. c4 Kf7 24. Kg3 h5 25. Rh1 Rh8 26. Qf3 Rh6 27. Rad1 Rah8 28.
Nxf4 exf4+ 29. Kg2 Rg6 30. Kf2 hxg4 31. hxg4 Rxh1 32. Qxh1 Qxg4 33. Rg1 Qxg1+
34. Qxg1 Rxg1 35. Kxg1 Be5 36. Bc1 f5 37. Kf2 g5 38. Kf3 g4+ 39. Ke2 Kg6 40.
exf5+ Kxf5 41. Bd2 Bd4 42. Kf1 g3 43. Kg2 Kg4 44. Be1 f3+ 0-1

[Event "XXVII Festival Conca della Presolana B"]
[Site "Bratto - Castione della Presolana ITA"]
[Date "2007.08.28"]
[Round "5"]
[White "Simone, Marco"]
[Black "Franciosi, Fausto"]
[Result "1/2-1/2"]
[WhiteElo "1904"]
[BlackElo "1698"]
[PlyCount "42"]
[EventDate "2007.08.24"]

1. e4 g6 2. d4 Bg7 3. Nc3 c5 4. Be3 Nc6 5. Nf3 cxd4 6. Nxd4 d6 7. Be2 Nf6 8.
O-O O-O 9. f4 a6 10. f5 Qc7 11. fxg6 fxg6 12. Bc4+ Kh8 13. Ne6 Bxe6 14. Bxe6
Qa5 15. Qd2 Qe5 16. Bd5 Ng4 17. Bf4 Qd4+ 18. Kh1 Qxd2 19. Bxd2 Nf2+ 20. Kg1 Bd4
21. Ne2 Nh3+ 1/2-1/2

[Event "XXVII Festival Conca della Presolana B"]
[Site "Bratto - Castione della Presolana ITA"]
[Date "2007.08.28"]
[Round "5"]
[White "Stella, Luca"]
[Black "Mansueti, Marco"]
[Result "1-0"]
[WhiteElo "1855"]
[BlackElo "1703"]
[PlyCount "85"]
[EventDate "2007.08.24"]

1. e4 e5 2. Nf3 Nc6 3. Bc4 Nf6 4. c3 d5 5. exd5 Nxd5 6. Qb3 Na5 7. Qa4+ c6 8.
Nxe5 Nxc4 9. Qxc4 Qg5 10. Qe4 Bf5 11. Qf3 Bd6 12. Nc4 O-O-O 13. O-O h5 14. d4
Bf4 15. Bxf4 Nxf4 16. Nbd2 Bh3 17. Ne3 Rde8 18. Ne4 Rxe4 19. Qxe4 f5 20. Qf3
Bg4 21. Nxg4 hxg4 22. Qe3 Qh6 23. h3 gxh3 24. g3 Ng2 25. Qxh6 Rxh6 26. Rad1 Kc7
27. Kh2 g5 28. Rd2 g4 29. Re2 Kd7 30. Rg1 Rf6 31. Rxg2 hxg2 32. Kxg2 Re6 33.
Rxe6 Kxe6 34. c4 b5 35. b3 a5 36. Kf1 Kd6 37. Ke2 Ke6 38. Ke3 Kd6 39. Kf4 Ke6
40. Kg5 a4 41. Kg6 axb3 42. axb3 bxc4 43. bxc4 1-0

[Event "XXVII Festival Conca della Presolana B"]
[Site "Bratto - Castione della Presolana ITA"]
[Date "2007.08.28"]
[Round "5"]
[White "Tafur, Abel"]
[Black "Autino, Massimiliano"]
[Result "0-1"]
[WhiteElo "1984"]
[BlackElo "1779"]
[PlyCount "126"]
[EventDate "2007.08.24"]

1. e4 d5 2. exd5 Qxd5 3. Nc3 Qd6 4. Nf3 Nf6 5. Be2 c6 6. O-O Bf5 7. a4 e6 8. b3
Nbd7 9. Ba3 Qc7 10. Bxf8 Nxf8 11. a5 N8d7 12. a6 b6 13. Nd4 Bg6 14. Bf3 Ne5 15.
Be2 Rd8 16. Nf3 Nxf3+ 17. Bxf3 Nd5 18. Ne2 O-O 19. d3 h6 20. Qc1 Nb4 21. Ra4 c5
22. Qb2 e5 23. Qc3 Qd6 24. h3 Bf5 25. g4 Bc8 26. Ng3 Qd4 27. Qd2 Qf4 28. Qe2
Bd7 29. Ra3 Nxc2 30. Nh5 Qb4 31. Qxe5 Qd4 32. Qxd4 Nxd4 33. Bb7 Bb5 34. Nf4 Bc6
35. Rd1 Nb5 36. Bxc6 Nxa3 37. Rc1 Rd4 38. Be4 Rb4 39. Nd5 Rxb3 40. Kg2 Nb5 41.
Ne7+ Kh8 42. Ra1 Ra3 43. Rb1 Nc3 44. Re1 Nxe4 45. dxe4 Rxa6 46. h4 Re8 47. Nd5
Ra4 48. f3 Kg8 49. g5 hxg5 50. hxg5 Rd8 51. Kg3 Kf8 52. Rh1 Rxd5 53. exd5 Ke7
54. Rh7 Rd4 55. Rxg7 Rxd5 56. Kg4 Ke6 57. Rg8 Rd7 58. f4 c4 59. Re8+ Kd6 60. f5
c3 61. Re2 Rc7 62. Rc2 b5 63. Kf4 b4 0-1

[Event "XXVII Festival Conca della Presolana B"]
[Site "Bratto - Castione della Presolana ITA"]
[Date "2007.08.28"]
[Round "5"]
[White "Tonel, Giulia"]
[Black "Chiarion, Elisa"]
[Result "0-1"]
[WhiteElo "1934"]
[BlackElo "1814"]
[PlyCount "60"]
[EventDate "2007.08.24"]

1. e4 c5 2. Nf3 d6 3. c3 d5 4. exd5 Qxd5 5. d4 Nf6 6. Na3 a6 7. Bc4 Qd6 8. Be3
cxd4 9. cxd4 e6 10. O-O Nc6 11. Rc1 Be7 12. Bd3 b5 13. Qc2 Bb7 14. Nxb5 axb5
15. Bxb5 Rxa2 16. Qb3 Ra8 17. Ne5 Rc8 18. Qa4 O-O 19. Nxc6 Ra8 20. Qb3 Ng4 21.
g3 Bf6 22. Bf4 e5 23. dxe5 Bxe5 24. Nxe5 Nxe5 25. Rfe1 Bd5 26. Qc3 f6 27. Bxe5
fxe5 28. Rxe5 Bb7 29. Rce1 Qf6 30. R5e3 Qxf2# 0-1

[Event "XXVII Festival Conca della Presolana B"]
[Site "Bratto - Castione della Presolana ITA"]
[Date "2007.08.28"]
[Round "5"]
[White "Viglino, Antonio"]
[Black "Raselli, Claudio"]
[Result "1/2-1/2"]
[WhiteElo "1871"]
[BlackElo "1985"]
[PlyCount "42"]
[EventDate "2007.08.24"]

1. Nf3 f5 2. c4 Nf6 3. g3 b6 4. Bg2 Bb7 5. d4 e6 6. O-O Be7 7. Nc3 Ne4 8. Qc2
Nxc3 9. Qxc3 O-O 10. b3 d6 11. Bb2 Nd7 12. Rad1 Bf6 13. Qc1 Be4 14. Nd2 Bxg2
15. Kxg2 e5 16. dxe5 Bxe5 17. Nf3 Bxb2 18. Qxb2 Qf6 19. Qxf6 Nxf6 20. Nd4 g6
21. Nb5 Rf7 1/2-1/2

[Event "XXVII Festival Conca della Presolana B"]
[Site "Bratto - Castione della Presolana ITA"]
[Date "2007.08.29"]
[Round "6"]
[White "Acunzo, Domenico"]
[Black "Simone, Marco"]
[Result "0-1"]
[WhiteElo "1776"]
[BlackElo "1904"]
[PlyCount "56"]
[EventDate "2007.08.24"]

1. e4 e6 2. d4 d5 3. Nc3 Bb4 4. e5 c5 5. a3 Bxc3+ 6. bxc3 Qc7 7. Nf3 Ne7 8. Be2
Nbc6 9. O-O Bd7 10. a4 O-O 11. Ba3 c4 12. Ng5 f6 13. Bd6 Qa5 14. exf6 gxf6 15.
Qd2 fxg5 16. Qxg5+ Ng6 17. Bxf8 Rxf8 18. Qg3 Qd8 19. h3 Nce7 20. Bg4 Nf5 21.
Bxf5 Rxf5 22. Qd6 Nf4 23. Kh2 Ne2 24. Rae1 Nxc3 25. Rxe6 Ne4 26. Qe7 Qc7+ 27.
g3 Rxf2+ 28. Rxf2 Qxg3+ 0-1

[Event "XXVII Festival Conca della Presolana B"]
[Site "Bratto - Castione della Presolana ITA"]
[Date "2007.08.29"]
[Round "6"]
[White "Autino, Massimiliano"]
[Black "Caputi, Giuliano"]
[Result "0-1"]
[WhiteElo "1779"]
[BlackElo "1975"]
[PlyCount "86"]
[EventDate "2007.08.24"]

1. d4 d5 2. Bf4 Nf6 3. e3 c6 4. c3 Qb6 5. Qb3 Bf5 6. Nf3 Nbd7 7. Nbd2 e6 8. Be2
Be7 9. O-O O-O 10. c4 dxc4 11. Bxc4 Ne4 12. Nxe4 Qxb3 13. Bxb3 Bxe4 14. Nd2 Bd5
15. Rac1 Bb4 16. Bxd5 Bxd2 17. Rc2 Bxe3 18. Bxc6 Bxf4 19. Bxd7 Rfd8 20. Bb5
Rxd4 21. g3 Be5 22. Rfc1 g6 23. Rc8+ Rxc8 24. Rxc8+ Kg7 25. Rc5 Kf6 26. f4 Rd1+
27. Kg2 Rd2+ 28. Kf3 Bd6 29. Rc8 Rxb2 30. a4 a6 31. Be8 Rxh2 32. Rd8 Ke7 33.
Rd7+ Kxe8 34. Rxd6 Rb2 35. Rd4 h5 36. Ke4 Ke7 37. Rc4 Kf6 38. Kf3 Rb3+ 39. Kg2
b5 40. axb5 axb5 41. Rc7 Rd3 42. Rb7 Rd5 43. Kf3 g5 0-1

[Event "XXVII Festival Conca della Presolana B"]
[Site "Bratto - Castione della Presolana ITA"]
[Date "2007.08.29"]
[Round "6"]
[White "Barrera, Pietro"]
[Black "Orsatti, Marcello"]
[Result "0-1"]
[WhiteElo "1905"]
[BlackElo "1857"]
[PlyCount "88"]
[EventDate "2007.08.24"]

1. d4 d5 2. Nf3 Nf6 3. c4 e6 4. Nc3 Be7 5. Bf4 O-O 6. e3 a6 7. Bd3 dxc4 8. Bxc4
b5 9. Bd3 Bb7 10. Rc1 Bd6 11. Bg3 b4 12. Na4 Nbd7 13. Qc2 Bxf3 14. gxf3 h6 15.
O-O Qe7 16. e4 Bxg3 17. hxg3 Rfc8 18. b3 a5 19. Qe2 Nb6 20. Nc5 Rd8 21. Qe3 a4
22. Kg2 axb3 23. axb3 Nfd7 24. Nb7 Rdc8 25. Ra1 Rxa1 26. Rxa1 Ra8 27. Rc1 Nf6
28. Nc5 Nfd7 29. Qd2 Nxc5 30. dxc5 Nd7 31. Qxb4 Rb8 32. Qc3 h5 33. b4 h4 34.
Rh1 hxg3 35. fxg3 Ra8 36. Ra1 Rxa1 37. Qxa1 Qg5 38. f4 Qd8 39. Qd4 Qe7 40. e5
Qe8 41. Bb5 Qa8+ 42. Kh3 Qh1+ 43. Kg4 f5+ 44. exf6 Nxf6+ 0-1

[Event "XXVII Festival Conca della Presolana B"]
[Site "Bratto - Castione della Presolana ITA"]
[Date "2007.08.29"]
[Round "6"]
[White "Biava, Pierluigi"]
[Black "Brunello, Roberta"]
[Result "0-1"]
[WhiteElo "1739"]
[BlackElo "1953"]
[PlyCount "54"]
[EventDate "2007.08.24"]

1. d4 d5 2. Nf3 Nf6 3. Nbd2 e6 4. e3 Bd6 5. c4 c6 6. Qc2 O-O 7. Bd3 Nbd7 8. O-O
Re8 9. c5 Bc7 10. b4 e5 11. dxe5 Nxe5 12. Nxe5 Rxe5 13. Nf3 Rh5 14. Rd1 Bg4 15.
e4 Bxf3 16. gxf3 Rxh2 17. Bg5 Qc8 18. Bf1 Nxe4 19. f4 Rxf2 20. Qxf2 Nxf2 21.
Kxf2 f6 22. Bh4 Bxf4 23. Bg3 Qg4 24. Bxf4 Qxf4+ 25. Kg2 Qxb4 26. Rab1 Qxc5 27.
Rxb7 Qc2+ 0-1

[Event "XXVII Festival Conca della Presolana B"]
[Site "Bratto - Castione della Presolana ITA"]
[Date "2007.08.29"]
[Round "6"]
[White "Bini, Gabriele"]
[Black "Gatta, Flavio"]
[Result "0-1"]
[WhiteElo "1601"]
[BlackElo "1791"]
[PlyCount "94"]
[EventDate "2007.08.24"]

1. e4 Nf6 2. Bc4 Nxe4 3. Bxf7+ Kxf7 4. Qh5+ Kg8 5. Qd5+ e6 6. Qxe4 Nc6 7. d4
Be7 8. Nf3 d5 9. Qe2 Bf6 10. c3 Kf7 11. Bf4 Rf8 12. O-O Kg8 13. Be5 Nxe5 14.
Nxe5 Qd6 15. Nd2 Bxe5 16. dxe5 Qb6 17. Nf3 Bd7 18. Qc2 Be8 19. Nh4 Bb5 20. Rfe1
Rf4 21. Nf3 Raf8 22. Re3 Be8 23. Rf1 Qc6 24. Qd2 Bg6 25. Nd4 Qe8 26. g3 R4f7
27. f4 Be4 28. c4 a6 29. cxd5 Bxd5 30. Rc1 Kh8 31. Rec3 c6 32. Nf3 Bxf3 33.
Rxf3 Rd7 34. Rd3 Rxd3 35. Qxd3 Qd8 36. Qb3 Qd4+ 37. Kf1 g5 38. Rd1 Qe4 39. Re1
Qh1+ 40. Kf2 Qxh2+ 41. Kf3 gxf4 42. Qxe6 fxg3+ 43. Ke4 Qg2+ 44. Kd3 Rf3+ 45.
Kc4 Qc2+ 46. Kb4 Rf4+ 47. Ka5 Qc5# 0-1

[Event "XXVII Festival Conca della Presolana B"]
[Site "Bratto - Castione della Presolana ITA"]
[Date "2007.08.29"]
[Round "6"]
[White "Bitossi, Massimo"]
[Black "Rozzoni, Davide"]
[Result "1-0"]
[WhiteElo "1892"]
[BlackElo "1786"]
[PlyCount "63"]
[EventDate "2007.08.24"]

1. d4 g6 2. Bf4 Bg7 3. Nf3 d6 4. e3 Nd7 5. Be2 e6 6. O-O Ne7 7. c4 b6 8. Nc3
Bb7 9. Qd2 h6 10. b4 g5 11. Bg3 f5 12. Rad1 Nf6 13. Qc2 Nh5 14. e4 f4 15. Ne1
Nf6 16. e5 Nh7 17. Bh5+ Kd7 18. exd6 cxd6 19. Bg4 Nf6 20. Bf3 Bxf3 21. Nxf3 Re8
22. Qa4+ Kc8 23. Qa6+ Kd7 24. Ne5+ dxe5 25. dxe5+ Nfd5 26. cxd5 Qc8 27. Qa4+
Nc6 28. dxc6+ Ke7 29. Rd7+ Kf8 30. b5 Bxe5 31. Qe4 Bg7 32. Bxf4 1-0

[Event "XXVII Festival Conca della Presolana B"]
[Site "Bratto - Castione della Presolana ITA"]
[Date "2007.08.29"]
[Round "6"]
[White "Boccalatte, Piero"]
[Black "Menegollo, Carlo"]
[Result "1-0"]
[WhiteElo "1975"]
[BlackElo "1889"]
[PlyCount "53"]
[EventDate "2007.08.24"]

1. d4 d5 2. c4 c6 3. Nc3 Nf6 4. e3 Bf5 5. cxd5 cxd5 6. Qb3 b6 7. Bb5+ Bd7 8.
Nxd5 e6 9. Nxf6+ Qxf6 10. Bxd7+ Nxd7 11. Nf3 Bd6 12. Bd2 Qg6 13. O-O O-O 14.
Bb4 Bxb4 15. Qxb4 Nf6 16. Rac1 Nd5 17. Qd2 f5 18. Ne5 Qe8 19. Rc6 Rc8 20. Rfc1
Rxc6 21. Rxc6 Qe7 22. a3 g5 23. h3 Rf6 24. Rc8+ Kg7 25. Qc2 Rh6 26. Qc6 g4 27.
Re8 1-0

[Event "XXVII Festival Conca della Presolana B"]
[Site "Bratto - Castione della Presolana ITA"]
[Date "2007.08.29"]
[Round "6"]
[White "Buono, Valerio"]
[Black "Viglino, Antonio"]
[Result "1/2-1/2"]
[WhiteElo "1965"]
[BlackElo "1871"]
[PlyCount "45"]
[EventDate "2007.08.24"]

1. e4 c5 2. Nf3 Nc6 3. d4 cxd4 4. Nxd4 g6 5. Be3 Nf6 6. Nc3 Bg7 7. Be2 O-O 8.
O-O d5 9. exd5 Nxd5 10. Nxd5 Qxd5 11. Bf3 Qa5 12. Nb3 Qc7 13. c3 Ne5 14. Be2
Rd8 15. Qc1 Ng4 16. Bxg4 Bxg4 17. h3 Bf5 18. Re1 e5 19. Bh6 Rd3 20. Bxg7 Kxg7
21. Re3 Rad8 22. Qe1 f6 23. Rxd3 1/2-1/2

[Event "XXVII Festival Conca della Presolana B"]
[Site "Bratto - Castione della Presolana ITA"]
[Date "2007.08.29"]
[Round "6"]
[White "Chiarion, Elisa"]
[Black "Spano' Cuomo, Gaetano"]
[Result "0-1"]
[WhiteElo "1814"]
[BlackElo "1861"]
[PlyCount "108"]
[EventDate "2007.08.24"]

1. e4 e5 2. Nf3 Nc6 3. Bc4 Be7 4. O-O d6 5. c3 Nf6 6. Re1 O-O 7. d3 Na5 8. Bb5
a6 9. Ba4 c5 10. Nbd2 b5 11. Bc2 Nc6 12. Nf1 Nh5 13. a4 b4 14. d4 g6 15. Ne3
bxc3 16. bxc3 cxd4 17. cxd4 exd4 18. Nd5 Bg4 19. h3 Be6 20. Nxd4 Bxd5 21. exd5
Nxd4 22. Bb1 Bf6 23. Ra3 Qd7 24. Be3 Rfe8 25. Rf1 Nf4 26. Re1 Nxd5 27. Bxd4
Rxe1+ 28. Qxe1 Bxd4 29. Qd2 Qa7 30. Be4 Re8 31. Bxd5 Bxf2+ 32. Kh1 Re1+ 33. Kh2
Bh4 34. Bxf7+ Qxf7 35. Qxd6 Qe7 36. Qb8+ Kg7 37. Rb3 Qe5+ 38. Qxe5+ Rxe5 39.
Rb7+ Kh6 40. Rb4 Be1 41. Rc4 a5 42. Rd4 Re3 43. Rg4 Ra3 44. g3 Bb4 45. Rh4+ Kg7
46. Rc4 Rxa4 47. Rc7+ Kh6 48. Rc4 Ra1 49. Rh4+ Kg7 50. Rc4 Bd6 51. Kg2 a4 52.
h4 a3 53. Ra4 a2 54. Kh2 Bxg3+ 0-1

[Event "XXVII Festival Conca della Presolana B"]
[Site "Bratto - Castione della Presolana ITA"]
[Date "2007.08.29"]
[Round "6"]
[White "Cicioni, Luigi"]
[Black "Marsili, Riccardo"]
[Result "1/2-1/2"]
[WhiteElo "1718"]
[BlackElo "1686"]
[PlyCount "43"]
[EventDate "2007.08.24"]

1. Nf3 d5 2. d4 c6 3. g3 Bf5 4. Bg2 Nf6 5. O-O e6 6. c4 Bd6 7. Nc3 O-O 8. Bg5
h6 9. Bxf6 Qxf6 10. Nh4 Bh7 11. e4 dxe4 12. Bxe4 Bxe4 13. Nxe4 Qe7 14. Qb3 b6
15. Rfe1 g5 16. Nf3 Nd7 17. d5 cxd5 18. cxd5 e5 19. Rac1 f6 20. Nxd6 Qxd6 21.
Rc6 Qe7 22. Qc4 1/2-1/2

[Event "XXVII Festival Conca della Presolana B"]
[Site "Bratto - Castione della Presolana ITA"]
[Date "2007.08.29"]
[Round "6"]
[White "Cobas Ferrer, Dayami"]
[Black "Gallana, Marco"]
[Result "1/2-1/2"]
[WhiteElo "1992"]
[BlackElo "1949"]
[PlyCount "69"]
[EventDate "2007.08.24"]

1. e4 c6 2. d4 d5 3. exd5 cxd5 4. c4 Nf6 5. Nc3 g6 6. Nf3 Bg7 7. cxd5 Nxd5 8.
Bc4 Nxc3 9. bxc3 O-O 10. O-O Nd7 11. Re1 Qc7 12. Qe2 Nb6 13. Bb3 Bg4 14. Bd2
Bf6 15. h3 Bxf3 16. Qxf3 Rac8 17. Rac1 Nc4 18. Bf4 Qd7 19. Bxc4 Rxc4 20. Rb1 b6
21. Be5 Bxe5 22. Rxe5 Rfc8 23. Re3 e6 24. Rbe1 Qc6 25. Qf6 Rxc3 26. Rxc3 Qxc3
27. Rxe6 Qa1+ 28. Kh2 Qxa2 29. Re7 b5 30. Qe5 Qxf2 31. Rxa7 Qf5 32. Qxf5 gxf5
33. Rb7 Rd8 34. Rxb5 Rxd4 35. Rxf5 1/2-1/2

[Event "XXVII Festival Conca della Presolana B"]
[Site "Bratto - Castione della Presolana ITA"]
[Date "2007.08.29"]
[Round "6"]
[White "Davi, Alessandro"]
[Black "Dorati, Giuseppe"]
[Result "1-0"]
[WhiteElo "1834"]
[BlackElo "1715"]
[PlyCount "93"]
[EventDate "2007.08.24"]

1. d4 Nf6 2. c4 g6 3. Nc3 d5 4. Bf4 c6 5. e3 Bg7 6. Nf3 O-O 7. Bd3 dxc4 8. Bxc4
Nd5 9. Bxd5 cxd5 10. Qb3 e6 11. h4 h5 12. Ne5 Bxe5 13. Bxe5 Nc6 14. Bf4 a6 15.
O-O-O Na5 16. Qc2 Kg7 17. g4 Rh8 18. Rdg1 Nc4 19. b3 e5 20. Bg5 f6 21. bxc4
Bxg4 22. Bxf6+ Qxf6 23. Nxd5 Qd6 24. dxe5 Qxe5 25. f3 Bf5 26. e4 Qa1+ 27. Qb1
Qxb1+ 28. Kxb1 Bd7 29. Ne7 Rh6 30. Rg3 Kf7 31. Nd5 Be6 32. Kb2 Rc8 33. Rc1 Rc6
34. f4 Rh8 35. Rb3 Rb8 36. a4 Bxd5 37. cxd5 Rxc1 38. Kxc1 Rc8+ 39. Kd2 Rc4 40.
Rxb7+ Kf8 41. Kd3 Rxa4 42. d6 Ke8 43. Rg7 Ra1 44. e5 a5 45. Ke4 a4 46. Kd5 a3
47. Ke6 1-0

[Event "XXVII Festival Conca della Presolana B"]
[Site "Bratto - Castione della Presolana ITA"]
[Date "2007.08.29"]
[Round "6"]
[White "De Bortoli, Thomas"]
[Black "Cocuzzi, Edoardo"]
[Result "0-1"]
[WhiteElo "1617"]
[BlackElo "1887"]
[PlyCount "84"]
[EventDate "2007.08.24"]

1. e4 e5 2. Nf3 Nc6 3. d4 exd4 4. Bc4 d6 5. Nxd4 Nxd4 6. Qxd4 Qf6 7. Be3 g6 8.
O-O Bg7 9. c3 Ne7 10. Qxf6 Bxf6 11. Bd4 Bxd4 12. cxd4 Be6 13. Bd3 O-O 14. f4 d5
15. Nc3 dxe4 16. Bxe4 c6 17. Rae1 Rad8 18. Rd1 Rd7 19. Rd2 Rfd8 20. Rfd1 Bg4
21. Bf3 Bxf3 22. gxf3 Nd5 23. Ne4 f5 24. Nc5 Re7 25. Nd3 Ne3 26. Re1 Rxd4 27.
Kf2 Nd5 28. Rxe7 Nxe7 29. Ke3 Rd8 30. Rc2 Nd5+ 31. Kf2 Re8 32. Kg3 Re7 33. a3
Nf6 34. Rc4 Re3 35. Nc5 b6 36. Nb7 c5 37. Nd6 Rb3 38. Nc8 Ne4+ 39. Kh4 Rxf3 40.
Nxa7 Rxf4+ 41. Kh3 Ng5+ 42. Kg2 Rxc4 0-1